Preces Sancti Nersetis Clajensis Armeniorum Patriarchae : (Record n. 35607)
[ formato base ]
| 000 -LEADER | |
|---|---|
| fixed length control field | 00808nam a2200229 i 4500 |
| 003 - CONTROL NUMBER IDENTIFIER | |
| control field | IT-RoINE |
| 005 - DATE AND TIME OF LATEST TRANSACTION | |
| control field | 20201209092201.0 |
| 008 - FIXED-LENGTH DATA ELEMENTS--GENERAL INFORMATION | |
| fixed length control field | 021001s1862 it |||||r |||||||mul|d |
| 040 ## - CATALOGING SOURCE | |
| Transcribing agency | IT-RoINE |
| Modifying agency | IT-RoINE |
| 100 0# - MAIN ENTRY--PERSONAL NAME | |
| Personal name | Nerses, |
| Titles and other words associated with a name | Shnorhali, Santo, |
| 9 (RLIN) | 8675 |
| Dates associated with a name | 1102-1173 |
| 245 10 - TITLE STATEMENT | |
| Title | Preces Sancti Nersetis Clajensis Armeniorum Patriarchae : |
| Remainder of title | triginta tribus linguis editae. |
| 260 ## - PUBLICATION, DISTRIBUTION, ETC. (IMPRINT) | |
| Place of publication, distribution, etc | Venetiis : |
| Name of publisher, distributor, etc | In Insula S. Lazari, |
| Date of publication, distribution, etc | 1862. |
| 300 ## - PHYSICAL DESCRIPTION | |
| Extent | 560 p. : |
| Other physical details | retr. ; |
| Dimensions | 16 cm |
| 336 ## - CONTENT TYPE | |
| Source | rdacontent |
| Content type term | text |
| 337 ## - MEDIA TYPE | |
| Source | rdamedia |
| Media type term | unmediated |
| 338 ## - CARRIER TYPE | |
| Source | rdacarrier |
| Carrier type term | volume |
| 500 ## - GENERAL NOTE | |
| General note | en la anteportada retrato del Autor su dibujo de Busato y xilografía de G. Bernasconi. |
| 650 #4 - SUBJECT ADDED ENTRY--TOPICAL TERM | |
| 9 (RLIN) | 4218 |
| Topical term or geographic name as entry element | Literatura de devoción |
| 650 #4 - SUBJECT ADDED ENTRY--TOPICAL TERM | |
| 9 (RLIN) | 3072 |
| Topical term or geographic name as entry element | Libros de oraciones |
| 650 #4 - SUBJECT ADDED ENTRY--TOPICAL TERM | |
| 9 (RLIN) | 3512 |
| Topical term or geographic name as entry element | Plegarias |
| 942 ## - ADDED ENTRY ELEMENTS (KOHA) | |
| Item type | Monografías |
| Withdrawn status | Lost status | Damaged status | Not for loan | Home library | Current library | Date acquired | Total Checkouts | Full call number | Barcode | Date last seen | Price effective from | Koha item type |
|---|---|---|---|---|---|---|---|---|---|---|---|---|
| Iglesia Nacional Española en Roma | Iglesia Nacional Española en Roma | 09/12/2020 | DEV.NOV 260 | NOV-2435 | 09/12/2020 | 09/12/2020 | Monografías |